000
00267nam a22001097a 4500
082
_a
001
_b
JOS/T
100
_a
JOSE M.A,JOICE P
245
_a
1001 FAMOUS PERSONALITIES
260
_a
KOTTAYAM
_b
AVANTY PUBLICATIONS
650
_a
FAMOUS PERSONALITIES
_z
KOTTAYAM
942
_c
BK
999
_c
6414
_d
6414